000 00301nam a22001337a 4500
008 170725b xxu||||| |||| 00| 0 eng d
020 _a9780619063092
041 _aeng
080 _22ND
_a004
100 _a29
101 _aSHK
245 _aSYSTEMS ANALYSIS AND DESIGN
_cSATZINGER
942 _2udc
_cBK
999 _c21850
_d21850